MARC

LEADER 00000nam0a2200000 4500
001 67715
005 20231101212335.0
010 |a 5060041409 
035 |a (RuTPU)RU\TPU\book\72107 
090 |a 67715 
100 |a 20040922d2004 m y0rusy50 ca 
101 0 |a rus 
102 |a RU 
105 |a y j 001zy 
200 1 |a Задачи и упражнения по общей химии  |e учебное пособие для студентов вузов  |f под ред. Н. В. Коровина 
205 |a 2-е изд., испр. 
210 |a Москва  |c Высшая школа  |d 2004 
215 |a 255 с. 
320 |a Библиогр.: с. 255. 
451 1 |0 (RuTPU)RU\TPU\book\107137  |y 5-06-004140-9  |t Задачи и упражнения по общей химии  |o учебное пособие  |f под ред. Н. В. Коровина  |e 3-е изд., испр.  |c М.  |n Высшая школа  |d 2006  |p 255 с. 
451 1 |0 (RuTPU)RU\TPU\book\49920  |y 5-06-004140-9  |t Задачи и упражнения по общей химии  |o учебное пособие для вузов  |f Б. И. Адамсон, О. Н. Гончарук, В. К. Камышова и др.  |g Под ред. Н. В. Коровина  |c М.  |n Высшая школа  |d 2003  |p 255 с. 
606 1 |a Химия общая  |2 stltpush  |3 (RuTPU)RU\TPU\subj\67862  |9 83510 
610 1 |a задачи 
610 1 |a упражнения 
610 1 |a учебные пособия 
610 1 |a химический эквивалент 
610 1 |a атомы 
610 1 |a строение 
610 1 |a периодическая система элементов 
610 1 |a химическая связь 
610 1 |a молекулы 
610 1 |a взаимодействия 
610 1 |a комплексные соединения 
610 1 |a химические процессы 
610 1 |a энергетика 
610 1 |a химическое равновесие 
610 1 |a гетерогенные системы 
610 1 |a химическая кинетика 
610 1 |a растворы 
610 1 |a электрохимические процессы 
610 1 |a коррозия 
610 1 |a защита 
610 1 |a металлы 
610 1 |a неметаллы 
610 1 |a вода 
610 1 |a экология 
675 |a 54(076)  |v 3 
702 1 |a Коровин  |b Н. В.  |4 340 
801 1 |a RU  |b 63413507  |c 20040922  |g PSBO 
801 2 |a RU  |b 63413507  |c 20221004  |g PSBO 
942 |c BK